Musical instruments and their music
Salvato in:
| Autore principale: | |
|---|---|
| Natura: | Libro |
| Lingua: | inglese |
| Pubblicazione: |
Londres
Humphrey Milford
1930
|
| Edizione: | 1a. ed |
| Soggetti: | |
| Tags: |
Aggiungi Tag
Nessun Tag, puoi essere il primo ad aggiungerne!!
|
MARC
| LEADER | 00000nam a2200000 a 4500 | ||
|---|---|---|---|
| 001 | UCJ7299 | ||
| 003 | CL-VaPUC | ||
| 008 | 070124e19300000UK |||||||||||||||||eng|d | ||
| 082 | 0 | 4 | |a 780 |b HAY |2 21 |
| 100 | 0 | |a Hayes, Gerald R. |e author |9 515589 | |
| 245 | 1 | 0 | |a Musical instruments and their music |
| 250 | |a 1a. ed | ||
| 300 | |a 2 v | ||
| 942 | |c BK | ||
| 945 | |d 20070124 00:00:00 |a rinostro | ||
| 260 | |a Londres |b Humphrey Milford |c 1930 | ||
| 500 | |a Ilustraciones sin indizar | ||
| 650 | 0 | |a Instrumentos musicales |9 306600 | |
| 650 | 0 | |a Violín |9 390065 | |
| 650 | 0 | |a Viola |9 515548 | |
| 650 | 0 | |a Violoncello |9 332572 | |
| 650 | 7 | |a LIRA |2 CL-VaPUC |9 390067 | |
| 650 | 0 | |a Ilustraciones |9 369481 | |
| 583 | |a last modification |c 20070124 00:00:00 |k Rodrigo Vera | ||
| 999 | |c 323395 |d 323393 | ||
| 952 | |0 0 |1 0 |4 0 |6 780_000000000000000_HAY_1930 |7 0 |8 X |9 402954 |a FDOBUD |b FDOBUD |d 2019-11-22 |h v.1 |i 1061186 |o 780 HAY 1930 |p 1061186 |r 2019-11-22 |w 2019-11-22 |y BK_X |k BUD | ||
| 952 | |0 0 |1 0 |4 0 |6 780_000000000000000_HAY_1930 |7 0 |8 X |9 402955 |a FDOBUD |b FDOBUD |d 2019-11-22 |h v.2 |i 1061194 |o 780 HAY 1930 |p 1061194 |r 2019-11-22 |w 2019-11-22 |y BK_X |k BUD | ||